000 00580nam a22001577a 4500
003 NUST
038 _aNusrat Nadeem
082 _a200
100 _aUllah, Sharif
_928352
245 _aDesign and Fabrication of Metal oxide Nanocomposites for Efficient Catalytic Degradation and Transformation of the Organophosphate Pesticide, Profenofos/
_cSharif Ullah
264 _aIslamabad:
_bSNS NUST.
_c2025.
650 _aPhD-Chemistry
_9123166
700 _aSupervisor: Prof. Dr. Habib Nasir
_9123499
856 _uhttp://10.250.8.41:8080/xmlui/handle/123456789/57054
942 _2ddc
_cSC
999 _c615744
_d615744